| 000 | 00538cam a2200205ua 4500 | ||
|---|---|---|---|
| 020 |
_a0 07 460222 5 _c90.00 |
||
| 041 |
_aeng _h |
||
| 082 |
_a004.16 _bMAT/IN |
||
| 100 | _aMathur, Aditya P . | ||
| 245 |
_aIntroduction to microprocessors / _cAditya P Mathur. _hTextual Documents |
||
| 250 |
_a3 / _b. |
||
| 260 |
_aNew Delhi : _bTata Mc-Graw Hill Publishing Company , _c1992. |
||
| 300 | _a611 ; . | ||
| 365 | _a90.00 | ||
| 500 | _a*CSS | ||
| 504 | _a | ||
| 942 | _cBK | ||
| 999 |
_c10920 _d10920 |
||